| 000 | 00539nam a22001697a 4500 | ||
|---|---|---|---|
| 003 | NUST | ||
| 038 | _aNusrat Nadeem | ||
| 082 | _a200 | ||
| 100 |
_aUllah, Ehtisham _997139 |
||
| 245 |
_aEquivalent Circuit Model Parameters Estimation in Lithium-ion Batteries / _cEhtisham Ullah |
||
| 264 |
_aIslamabad : _bSEECS, NUST, _c2022. |
||
| 300 | _a76 p. ; | ||
| 650 |
_aMS-Electrical Engineering _923567 |
||
| 700 |
_aSupervisor: Dr. Shahzad Younis _996795 |
||
| 856 | _uhttp://10.250.8.41:8080/xmlui/handle/123456789/29817 | ||
| 942 |
_2ddc _cSC |
||
| 999 |
_c590958 _d590958 |
||